000 00348nam a2200157Ia 4500
003 0STCL
008 150530s9999 xx 000 0 und d
040 _aSTCL
_cSTCL
100 _aThomas Hughes
245 _aDavid Livingstone
260 _bMacmillan
_c1908
546 _aEnglish
942 _2ddc
_cBK
999 _c69210
_d69210
005 20220125171413.0